World Cup 2022 qualification - Statistics

General Stats
  • This quiz has been taken 100 times
    16 since last reset
  • The average score is 27 of 32
Answer Stats
Group Country % Correct
C Argentina
93%
D Australia
93%
G Brazil
93%
F Croatia
93%
A Ecuador
93%
B England
93%
D France
93%
E Germany
93%
E Japan
93%
C Mexico
93%
C Poland
93%
H Portugal
93%
A Qatar
93%
B USA
93%
D Denmark
87%
B Iran
87%
A Netherlands
87%
C Saudi Arabia
87%
H South Korea
87%
H Uruguay
87%
F Canada
80%
E Costa Rica
80%
A Senegal
80%
E Spain
80%
G Switzerland
80%
G Cameroon
73%
H Ghana
73%
F Morocco
73%
D Tunisia
73%
B Wales
73%
F Belgium
67%
G Serbia
67%
No matching quizzes found
Score Distribution
Percent of People with Each Score
Percentile by Number Answered
Your Score History
You have not taken this quiz since the last reset